[Event "Sachsen-ch"]
[Site "Leipzig"]
[Date "2018.11.04"]
[Round "6"]
[White "Mueller, Sylvio"]
[Black "Junghans, Rolf"]
[Result "0-1"]
[WhiteElo "1281"]
[BlackElo "1613"]
[PlyCount "50"]
[EventDate "2018.11.02"]
[EventType "swiss"]
[EventRounds "6"]
[EventCountry "GER"]
[SourceTitle "CBM 187 Extra"]
[Source "ChessBase"]
[SourceDate "2018.11.04"]
[SourceVersion "1"]
[SourceVersionDate "2018.11.04"]
[SourceQuality "1"]

1. d4 d5 2. Nc3 e6 3. a3 Nf6 4. Qd3 a6 5. Nf3 Nc6 6. e4 dxe4 7. Nxe4 Be7 8. Nxf6+ Bxf6 9. c3 b6 10. h4 Bb7 11. Bg5 h6 12. Bxf6 Qxf6 13. 0-0-0 Rd8 14. Be2 Na5 15. Qc2 b5 16. Bd3 Bd5 17. Ne5 Bb3 18. Qe2 Bxd1 19. Rxd1 c6 20. Bc2 Rd6 21. Re1 0-0 22. Nf3 Nc4 23. Ne5 Qf4+ 24. Kb1 Nxe5 25. dxe5 Rd2 0-1

[Event "Leipzig VfB op 25th"]
[Site "Leipzig"]
[Date "2018.03.24"]
[Round "8"]
[White "Urlass, Bernd"]
[Black "Mueller, Sylvio"]
[Result "1/2-1/2"]
[WhiteElo "1776"]
[BlackElo "1325"]
[PlyCount "58"]
[EventDate "2018.03.20"]
[EventType "swiss"]
[EventRounds "9"]
[EventCountry "GER"]
[SourceTitle "CBM 183 Extra"]
[Source "ChessBase"]
[SourceDate "2018.04.19"]
[SourceVersion "1"]
[SourceVersionDate "2018.04.19"]
[SourceQuality "1"]

1. d4 Nf6 2. c4 g6 3. Nc3 d6 4. Nf3 Bg7 5. e3 0-0 6. Bd3 c6 7. 0-0 b6 8. Re1 Re8 9. e4 Nbd7 10. Be3 e5 11. d5 c5 12. Rb1 a5 13. a4 Ng4 14. h3 Nxe3 15. Rxe3 Bh6 16. Re1 Nf6 17. Nh2 Bf4 18. Ne2 Nh5 19. g4 Ng7 20. Nxf4 exf4 21. Nf3 h5 22. Nh2 g5 23. f3 f6 24. Re2 Re7 25. Qc2 Qc7 26. Rbe1 Bb7 27. Qc3 Rae8 28. Nf1 Re5 29. Nd2 Qd7 1/2-1/2